Blunt abdominal trauma in chilhood - indications for laparotomy

Bibliographic Details
Main Authors: Murár, Erich (Author), Omaník, Pavol, 1974- (Author), Horn, František, 1964- (Author), Babala, Jozef, 1965- (Author), Studený, Šimon (Author), Siman, Jaroslav, 1933-2008 (Author)
Corporate Author: Danube Symposium of Paediatric Surgery (Author)
Format: Conference Proceeding Article
Language:Slovak
English
Subjects:

MARC

LEADER 00000nab a2200000 a 4500
001 vtls001495257
003 SK-MaSNL
005 20260304134431.0
008 250505c2003 xo g 0 slo
015 |a SNBCL2005/2 
035 |a (uuid)f037bcbd-867d-45b2-b22b-77c65cbf07b3 
035 |a urn:nbn:sk:snk-abubz 
035 |a (urnnbn)urn:nbn:sk:snk:ar-a03fys 
040 |a SNKBUCL  |b slo  |c SNKBUCL  |e AACR2 
041 0 |a eng 
044 |a xo  |c SK 
080 |a 616-001-072.1-053.2:061.3  |2 1981 
245 0 0 |a Blunt abdominal trauma in chilhood - indications for laparotomy  |c E. Murár ... [et al.] 
650 0 7 |a rany nepenetrujúce  |2 snkbucl  |9 1452324 
650 0 7 |a rany a poranenia  |2 snkbucl  |9 862950 
650 0 7 |a laparoskopia  |2 snkbucl  |9 14478 
650 0 7 |a deti  |2 snkbucl  |9 773 
700 1 |a Murár, Erich  |4 aut  |9 793396 
700 1 |a Omaník, Pavol,  |d 1974-  |4 aut  |9 23629 
700 1 |a Horn, František,  |d 1964-  |4 aut  |9 19966 
700 1 |a Babala, Jozef,  |d 1965-  |4 aut  |9 159403 
700 1 |a Studený, Šimon  |4 aut  |9 907134 
700 1 |a Siman, Jaroslav,  |d 1933-2008  |4 aut  |9 18566 
711 2 |a Danube Symposium of Paediatric Surgery  |n (8. :  |d 2003 :  |c Bratislava, Slovensko)  |4 aut  |9 113455 
773 0 |t Bratislavské lekárske listy  |g Vol. 104, no. 9 (2003), s. 282  |x 0006-9248 
850 |a Slovenská národná knižnica 
852 |a Slovenská národná knižnica 
954 |a odborná, vedecká literatúra pôvodná (slovenská)  |2 lita 
958 |a article27 
958 |a OND 
958 |a EUIPO 
999 |c 2906825  |d 2908755